| 000 | 01430nam a22003137a 4500 | ||
|---|---|---|---|
| 005 | 20240530110409.0 | ||
| 008 | 150210s2011 ua o a 001 0 ara d | ||
| 017 |
_a2010/10918 _bمصر . دار الكتب المصرية |
||
| 020 | _a9771442841 | ||
| 040 | _aEG-CaGPL | ||
| 041 | 1 |
_aara _heng |
|
| 082 | 0 | 4 |
_221 _a603 _bط/ن ن |
| 100 | 1 | _aبيدوك ، تشارلز | |
| 245 | 1 | 0 |
_aتكنولوجيا المستقبل : _bمن الروبوتات الشخصية الى الدراجات احادية العجلة ذات المحرك / _cتاليف تشارلز بيدوك ؛ استشارى جيمس لى ؛ ترجمة ادارة النشر بدار نهضة مصر للنشر ؛ اشراف عام داليا محمد ابراهيم |
| 250 | _aط1 | ||
| 260 |
_aالقاهرة : _bنهضة مصر للطباعة و النشر و التوزيع ، _c2011 |
||
| 300 |
_a63 ص : _bصور ؛ _c24 سم |
||
| 490 | _aناشيونال جيوجرافيك يبحث فى | ||
| 650 | 0 | 4 | _aالتكنولوجيا |
| 650 | 0 | 4 | _aالاختراعات |
| 650 | 0 | 4 | _aالانسان الالى |
| 650 | 0 | 4 | _aنظرية الالات |
| 650 | 0 | 4 | _aالحركة الميكانيكية |
| 700 | 1 |
_aلى ، جيمس _eاستشارى |
|
| 700 | 0 |
_aعام داليا محمد ابراهيم _eاشراف |
|
| 710 | 2 |
_aدار نهضة مصر للنشر _eمترجم |
|
| 942 |
_2ddc _cBK |
||
| 999 |
_c60428 _d60428 |
||